| 000 | 01226nac a22003137a 4500 | ||
|---|---|---|---|
| 001 | BR8100127 | ||
| 003 | BR-BrBNA | ||
| 005 | 20240105114900.0 | ||
| 008 | 230509b bl.|||m| |||| 00| 0 por d | ||
| 040 |
_aBR-BrBNA _bpor _cBiblioteca Nacional de Agricultura |
||
| 072 | _aN10; E70; K10 | ||
| 090 | _aN10 BR8100127 | ||
| 110 | 1 | _aCentro de Pesquisa Agropecuaria do Tropico Umido, Belem, PA (Brasil) | |
| 245 | 1 | _aConstrucao de estradas florestais e transporte florestal rodoviario na regiao amazonica [Engenharia florestal; Custo operacional; Brasil] | |
| 246 | 1 | _a[Construction of forest roads and road forest transportation in the amazon region [Forest engeneering; Operational cost; Brazil]] | |
| 260 | 3 |
_aBelem, PA (Brasil): _cFeb 1980. |
|
| 300 | _a30 p. | ||
| 490 |
_aCircular Tecnica - Centro de Pesquisa Agropecuaria do Tropico Umido (Brazil) _vno. 6 _x |
||
| 500 | _a15 illus.; Summaries (En, Pt) | ||
| 650 | _aEngenharia agricola | ||
| 650 | _aComercializacao | ||
| 650 | _aProducao florestal | ||
| 650 | _aTransporte rodoviario | ||
| 650 | _aEstrada de rodagem | ||
| 650 | _aCusto operacional | ||
| 650 | _aAmazonia | ||
| 909 |
_a202312 _bLúcia Elande _c55 _dLúcia Elande |
||
| 942 |
_2AGRIS _n0 _cMS |
||
| 999 |
_c271834 _d271834 |
||